000 00289nam a22001217a 4500
008 170620b xxu||||| |||| 00| 0 eng d
041 _aeng
080 _a32
100 _a20
101 _aSHP
245 _aRATIONAL LEGITIMACY A THEORY OF POLITICAL SUPPORT
_cROGOWSKI,R
942 _2udc
_cBK
999 _c18251
_d18251